000 00871nam0a22002651 4500
001 rc\105396
005 20250620183036.0
010 _a0-87083-832-6
_91500
035 _a(NLR Aleph) 005367377
090 _a6963278
_c6963278
100 _a20021216d1995 |||y0rusy50 ca
101 0 _arus
102 _aRU
105 _ay |||||||||
200 1 _aЖизнь в божественной Троице и с божественной Троицей
_e[Пер. с англ.]
210 _aМ.
_cБ. и.
_d[1995]
215 _a156 с.
_d22
300 _aПер. изд.: Living in and with Divine Trinity / Witness Lee (Anaheim, 1995)
300 _aНа тит. л.: Анахайм: Живой поток, 1995
700 1 _aЛи
_bУ.
_f-1997
_gУитнесс
801 0 _aRU
_bNLR
_gpsbo
801 1 _aRU
_bELAR
_2rusmarc
852 _aNLR
_j95-3/8524
942 _cBOOK
980 _aNB